ARRUPE JESUIT UNIVERSITY

CORONAVIRUS -STOP THE SPREAD - CLEAN,DISINFECT,COVER

The live theatre; (Record no. 124450)

MARC details
000 -LEADER
fixed length control field 00837cam a22002771 4500
001 - CONTROL NUMBER
control field 2446070
003 - CONTROL NUMBER IDENTIFIER
control field ARRUPE
005 - DATE AND TIME OF LATEST TRANSACTION
control field 20160322142244.0
008 - FIXED-LENGTH DATA ELEMENTS--GENERAL INFORMATION
fixed length control field 771130s1962 enka 000 0 eng
010 ## - LIBRARY OF CONGRESS CONTROL NUMBER
LC control number 62051335 /L
015 ## - NATIONAL BIBLIOGRAPHY NUMBER
National bibliography number GB62-15196
035 ## - SYSTEM CONTROL NUMBER
System control number (OCoLC)ocm01885565
035 ## - SYSTEM CONTROL NUMBER
System control number (NNC)2446070
040 ## - CATALOGING SOURCE
Original cataloging agency DLC
Transcribing agency DLC
Modifying agency UKM
-- ZCU
050 0# - LIBRARY OF CONGRESS CALL NUMBER
Classification number PN2101
Item number .H85 1962
082 ## - DEWEY DECIMAL CLASSIFICATION NUMBER
Classification number 792.09
099 ## - LOCAL FREE-TEXT CALL NUMBER (OCLC)
Classification number 809.2
-- H913
300 ## - PHYSICAL DESCRIPTION
Other physical details illus.
Dimensions 23 cm.
100 1# - MAIN ENTRY--PERSONAL NAME
Personal name Hunt, Hugh,
Dates associated with a name 1911-1993.
9 (RLIN) 23250
245 14 - TITLE STATEMENT
Title The live theatre;
Remainder of title an introduction to the history and practice of the stage.
Statement of responsibility, etc by Hunt, Hugh,
260 ## - PUBLICATION, DISTRIBUTION, ETC. (IMPRINT)
Place of publication, distribution, etc London,
-- New York,
Name of publisher, distributor, etc Oxford University Press,
Date of publication, distribution, etc 1962.
300 ## - PHYSICAL DESCRIPTION
Extent viii, 199 p.;
650 #0 - SUBJECT ADDED ENTRY--TOPICAL TERM
Topical term or geographic name as entry element Theater
General subdivision History.
9 (RLIN) 23251
650 #0 - SUBJECT ADDED ENTRY--TOPICAL TERM
Topical term or geographic name as entry element Drama
General subdivision History and criticism.
9 (RLIN) 23252
942 ## - ADDED ENTRY ELEMENTS (KOHA)
Source of classification or shelving scheme Library of Congress Classification
Koha item type Monograph ( Printed materials)
Holdings
Withdrawn status Lost status Source of classification or shelving scheme Damaged status Not for loan Collection code Home library Current library Shelving location Date acquired Total Checkouts Full call number Barcode Date last seen Price effective from Koha item type
    Library of Congress Classification     Main Collection ARRUPE LIBRARY ARRUPE LIBRARY Main Collection 22/03/2016   PN2101.H85 1962 46500007126 27/03/2019 22/03/2016 Monograph ( Printed materials)

 

Arrupe Library. PO Box MP320 Mt Pleasant, Harare, Zimbabwe
263 242 745411|librarian@aju.ac.zw